000 00836nam a2200265Ia 4500
003 OSt
005 20220927105317.0
006 a|||||r|||| 00| 0
007 ta
008 220926b |||||||| |||| 00| 0 eng d
020 _a978921422573
024 _a175959
037 _cReference Collections
040 _aRTL
_cRTL
_beng
041 _2eng
_aeng
082 _a"V1:1954.594.N25, P7/UN"
110 _a"UNITED NATIONS, DISARMAMENT AFFAIRS (Deptt of-)"
_9371593
245 0 _aDisarmament yearbook. V 31; 2006
260 _aNew
_bYork United Nations
_c2007
300 _a"xiii, 538p"
_ccm.
500 _aAppendix P 263-529
700 _a"UNITED NATIONS, DISARMAMENT AFFAIRS (Deptt of-)"
_9371594
942 _h"V1:1954.594.N25, P7/UN"
_cCC
999 _c691739
_d691739